Responses for Show #7059 - Thursday, April 30, 2015

Greg Seroka game 6.

Contestants

[<< previous game]

Robert Sale, a government relations liaison from Washington, D.C.

Valerie Braun, a homemaker from Cincinnati, Ohio

Greg Seroka, a chef from Steamboat Springs, Colorado (whose 5-day cash winnings total $133,200)

[next game >>]

Jeopardy! Round responses

THINGS TO DO ON A RAINY DAY
STARTS & ENDS WITH T
LONG-RUNNING MUSICALS IN SHORT
ADVERTISING ICONS
COUNTRIES BY HOTEL
(Alex: We'll give you the hotel.)
PRESENTED IN 2D
    $200 16
a jigsaw puzzle

Greg
    $200 1
trait

Greg
    $200 6
South Pacific

Robert
    $200 26
the Jolly Green Giant

Greg
    $200 7
India

Greg
    $200 17
a bar graph

Robert
    $400 22
(Alex: [Recognizing her signal-in] Get in there, Valerie!)

yoga

Valerie
    $400 2
tablet

Triple Stumper
    $400 8
Annie Get Your Gun

Greg
    $400 27
(Greg: Who is [*]?)
(Alex: [Giggling like the correct response] Hoo-hoo-hoo-hoo!)

the Pillsbury Doughboy

Greg
    $400 12
(Greg: What is South Africa?)
(Robert: What is Tanzania?)

Zimbabwe

GregRobert
Triple Stumper
    $400 18
a switch

Greg
    $600 23
(Alex: Yep. Chef got it.)

shepherd's pie

Greg
    $600 3
tract

Robert
    $600 9
The Wiz

Greg
    $600 28
Mr. Peanut

Greg
    $600 13
Nepal

Greg
    $600 19
a plan

Robert
    $800 24
Twelfth Night

Greg
    $800 4
teapot

Greg
    $800 10
A Chorus Line

Triple Stumper
    $3,000 29
Morton's salt

Greg
    $800 14
(Alex: What is [*]? It's in Ottawa.)

Canada

Triple Stumper
    $800 20
a projection

Greg
    $1000 25
(Akira) Kurosawa

Greg
    $1000 5
transient

Greg
    $1000 11
La Cage aux Folles

Greg
    $1000 30
Charlie Tuna

Robert
    $1000 15
South Korea

Robert
    $1000 21
perspective

Robert

Scores at the first commercial break (after clue 15):

Greg Valerie Robert
$4,400 $0 $1,400

Scores at the end of the Jeopardy! Round:

Greg Valerie Robert
$12,400 $400 $4,200

Double Jeopardy! Round responses

THE HUMAN BODY
MILITARY TV
6-LETTER CROSSWORD CLUES
18th CENTURY AMERICA
RANKS
TITLES
    $400 16
capillaries

Greg
    $400 17
The Civil War

Valerie
    $400 1
Victor

Robert
    $400 22
the Articles of Confederation

Greg
    $400 11
a black belt

Valerie
    $400 6
Le Morte d'Arthur

Robert
    $800 18
an eyelid

Robert
    $800 23
J.A.G.

Robert
    $800 2
Zagreb

Robert
    $800 24
The Farmer's Almanac

Greg
    $800 12
earl

Valerie
    $800 7
The Stranger

Robert
    $1200 19
semilunar

Robert
    $1200 25
Army Wives

Greg
    $1200 3
marina

Valerie
    $1200 27
whale oil

Robert
    $1200 13
field marshal

Greg
    $1200 8
Harper Lee

Valerie
    $6,000 20
(Alex: Bring out the Sean Connery in you. Come on.)
(Robert: [Imitating Sean Connery] I'll, uh, I'll wager $6,000, Trebek.)
...
(Alex: No. Valerie is smiling because she knows it's [*].)

the uterus

Robert
    $1600 26
China Beach

Valerie
    $2,000 4
(Valerie: [Whispers] Shoot... What is... prince?)
(Alex: Ooh, you picked the wrong one.)

pauper

Valerie
    $1600 28
Gouverneur Morris

Triple Stumper
    $1600 14
bishop

Robert
    $1600 9
(Greg: What is The Informant?)

The Informer

Greg
Triple Stumper
    $2000 21
(Robert: What is the... gallbladder?)
...
(Alex: Robert, you're going in the wrong direction.)

the pancreas

Robert
Triple Stumper
    $2000 30
(Valerie: What is The Andy Griffith Show?)

Gomer Pyle

Valerie
Triple Stumper
    $2000 5
kismet

Greg
    $2000 29
Fraunces Tavern

Valerie
    $2000 15
a nabob

Robert
    $2000 10
Tender is the Night

Greg

Scores at the end of the Double Jeopardy! Round:

Greg Valerie Robert
$18,800 $4,000 $6,200
(lock game)

[wagering suggestions for these scores]

Final Jeopardy! Round responses

WORLD CITIES
(Alex: And in the not-too-distant future, many more Americans are going to be visiting this city, so Valerie's feeling really good now, folks.)
...
(Alex: [To Valerie] Yes, indeed. Over 2 million people.)
ValerieWhat is Havana?
$2,500
RobertWhat is NYC
$1,801
GregWhat is Victoria, B.C.?
$1,200
Havana, Cuba

Final scores:

Greg Valerie Robert
$17,600 $6,500 $4,399
6-day champion: $150,800 2nd place: $2,000 3rd place: $1,000

Game dynamics:

Coryat scores:

Greg Valerie Robert
$16,600 $6,000 $12,200
25 R
(including 1 DD),
2 W
8 R,
2 W
(including 1 DD)
17 R,
3 W
(including 1 DD)

Combined Coryat: $34,800

[game clues] [game scores] [suggest correction]

Game tape date: Unknown
The J! Archive is created by fans, for fans. Scraping, republication, monetization, and malicious use prohibited; this site may use cookies and collect identifying information. See terms. The Jeopardy! game show and all elements thereof, including but not limited to copyright and trademark thereto, are the property of Jeopardy Productions, Inc. and are protected under law. This website is not affiliated with, sponsored by, or operated by Jeopardy Productions, Inc. Join the discussion at JBoard.tv.